000 nam a22 a 4500
999 _c139547
_d139547
003 BLK
005 20210205094104.0
008 180409b bul|||||r ||||||| ||bul||
010 _aKNG00145594000
040 _aBLK
041 _aBUL
_cBUL
080 _aБългарска литература
_b821.163.2
_x-93-1
_z821.163.2-93-1
100 1 _aДушков, Атанас Гаврилов
_eпърви автор
_9365078
139 _aДушков, Атанас Гаврилов
_bД 94
245 1 0 _aЗаювата люлка
_bСтихове за деца
_cАтанас Гаврилов Душков; ил. Никола Стоилов Мирчев.
257 _aBGR
260 _bБълг. художник
_c1963
_aСофия
300 _a13 с.
_bс ил.
_c31 см
380 _aDX
500 _a60 100 тир.
653 _aдетска литература
653 _aлитература за деца
700 1 _aМирчев, Никола Стоилов
_eил.
_9378036
852 _aЦб ІІ 18141
856 4 _qpdf
856 4 _qpdf
942 _cKNG
_n0
_s1
944 _aCR
_c11.07.2013
_l11.07.2013 - от С1,Р / 11.07.2013
_kРадинела_Гицова
944 _aED
_c11.07.2013
_l11.07.2013 - от С1,Р / 11.07.2013
999 _d139547